|
|
|
|
| LEADER |
00000cam a2200000 7i4500 |
| 001 |
0000004949 |
| 005 |
20140508.0 |
| 020 |
|
|
|a 9836229140
|
| 090 |
0 |
0 |
|a 297.63
|b AFZ
|
| 100 |
0 |
|
|a Afzalur Rahman
|
| 245 |
0 |
0 |
|a Ensiklopedia Sirah :
|b Sunah, dakwah dan Islam
|c Afzalur Rahman
|
| 255 |
|
|
|a Jilid I
|
| 260 |
|
|
|a Kuala Lumpur :
|b DBP ,
|c 1992
|
| 300 |
|
|
|a 1388p. :
|b 25cm
|
| 650 |
0 |
0 |
|a Islam
|x Dictionaries
|
| 700 |
0 |
|
|a Zaharah Salleh
|
| 999 |
|
|
|a 034851
|b ENSIKLOPEDIA DEWASA
|c RUJUKAN
|e PERPUSTAKAAN KOMUNITI PETALING JAYA
|
| 999 |
|
|
|a 067494
|b ENSIKLOPEDIA DEWASA
|c RUJUKAN
|e PERPUSTAKAAN KOMUNITI PETALING JAYA
|